000 00426nam a2200157Ia 4500
003 SGT
020 _a9788188458585
082 _a5.74
_bJHA
100 _aJha,S.K
245 _aFundamental of computer and programming in c
260 _bS.K. Kataria & SONS
_aN.Delhi
_c2012
300 _a514p.
650 _aCOMPUTER SCIENCE
653 _aINPUT/ OUTPUT DEVICES,RAD IX NUMBER SYSTEMS, OPERATING SYSTEM BASICS
942 _2ddc
_cBK
999 _c5699
_d5699